| 000 | 00769nam1a22002171i 4500 | ||
|---|---|---|---|
| 001 | rc\903254 | ||
| 005 | 20240723223410.0 | ||
| 035 | _a(NLR Aleph) 006241995 | ||
| 090 |
_a6674642 _c6674642 |
||
| 100 | _a20041129d1983 u |0rusy50 ca | ||
| 101 | 0 | _arus | |
| 102 | _aRU | ||
| 105 | _ay ||||||||| | ||
| 200 | 1 |
_aРезультаты государственных испытаний новой сельскохозяйственной техники... _fГос. ком. УССР по произв.-техн. обеспечению сел. хоз-ва |
|
| 210 |
_aКиев _cОНТИ Укрсельхозтехпроект _d1983 |
||
| 215 | _d20 | ||
| 333 | _aДСП | ||
| 801 | 0 |
_aRU _bNLR _gpsbo |
|
| 801 | 1 |
_aRU _bELAR _2rusmarc |
|
| 852 |
_aNLR _j83-50К/1702 |
||
| 942 | _cBOOK | ||